000 01150nam a2200313 i 4500
001 77647
003 ES-MaACL
005 20250815063223.0
007 t|
008 041028s2004 sp a ||||1|bspa d
020 _a84-95110-33-4
080 _a929 Sender, Ramón J.
080 _a821.134.2 Sender, Ramón J. 1.07
080 _a94(460)"1909/25"
100 1 _aMoga Romero, Vicente
_981782
245 1 3 _aEl soldado occidental
_b: Ramón J. Sender en África (1923-1924) /
_cVicente Moga Romero.
250 _a1ª ed.
260 _aMelilla :
_bConsejería de Cultura de la Ciudad Autónoma de Melilla, Servicio de Publicaciones,
_c2004.
300 _a233 p. :
_bil. col. y n., fot. ;
_c31 cm.
490 1 _aLa biblioteca de Melilla ;
_v15
504 _aBibliografía: p. [223]-233.
600 1 4 _aSender, Ramón J.,
_d1901-1982
_9105441
650 4 _aGuerra del Rif, 1921-1926.
_9142118
651 4 _aMelilla-
_xHistoria-
_yS.XX.
_9170057
710 1 _aMelilla (Ciudad Autónoma).
_bConsejería de Cultura.
_95681
830 0 _aLa biblioteca de Melilla ;
_v15
_9179718
852 _aES-MaACL
_jL-28374
999 _c77647
_d77647